000 01070pam a2200277 a 4500
999 _c3340
_d3340
001 2823049
003 GBCCL
005 20241126110453.0
008 830422r1983 tnu b 000 0 eng
010 _a 83008827
020 _a068719234X (pbk.)
040 _aDLC
_cDLC
_dDLC
050 0 0 _aBS491.2
_b.I57 1983 vol. 3
_aBS1308
082 0 0 _a223.07
_219
_bWIS
245 0 0 _aWisdom literature and poetry :
_ba commentary on Job, Psalms, Proverbs, Ecclesiastes, the Song of Solomon /
_cby Hugh Anderson ... [et al.] ; edited by Charles M. Laymon.
260 _aNashville :
_bAbingdon Press,
_c1983.
300 _a274 p. ;
_c18 cm.
440 0 _aInterpreter's concise commentary ;
_vv. 3
_96838
500 _a"Previously published ... as part of the Interpreter's one-volume commentary on the Bible"--Verso t.p.
504 _aBibliography: p. 271-272.
630 0 0 _aBible.
_pHagiographa
_xCommentaries.
_96839
700 1 _aAnderson, Hugh,
_d1920-
_96840
700 1 _aLaymon, Charles M.
_96841
906 _a7
_bcbc
_corignew
_d1
_eocip
_f19
_gy-gencatlg
942 _2ddc
_cBK
_015